Togo First Level Subdivisions - Statistics

General Stats
  • This quiz has been taken 114 times
  • The average score is 4 of 5
Answer Stats
Régions % Correct
Central
82%
Kara
82%
Maritime
71%
Savanes
71%
Plateaux
68%
No matching quizzes found
Score Distribution
Percent of People with Each Score
Percentile by Number Answered
Your Score History
You have not taken this quiz